|
|
|
|
| LEADER |
01098nam a22002297a 4500 |
| 001 |
30153 |
| 003 |
BD-DhAAL |
| 005 |
20240926103234.0 |
| 008 |
151123s1998 BG ||||| |||| 00| 0 eng d |
| 040 |
|
|
|a BD-DhAAL
|c BD-DhAAL
|
| 082 |
|
|
|2 22
|a 307.1412095492
|
| 245 |
|
|
|a ব্র্যাক :
|b রুরাল ডেভেলপমেন্ট প্রোগ্রাম (আরডিপি), ১৯৯৮ সনে ইস্যুকৃত জরুরী পরিপত্রসমূহ.
|
| 260 |
|
|
|b
|
| 264 |
|
|
|a ঢাকা :
|b ব্র্যাক সেন্টার,
|c ১৯৯৮.
|
| 300 |
|
|
|a ২০০ পৃষ্ঠা ;
|c ২৮ সে. মি.
|
| 541 |
|
|
|e 30153
|a BRAC
|
| 650 |
|
|
|a Rural development
|z Bangladesh.
|9 16501
|
| 710 |
|
|
|a ব্র্যাক
|9 16502
|
| 852 |
|
|
|a Ayesha Abed Library
|c BRAC Resource Section
|
| 942 |
|
|
|2 ddc
|c BK
|
| 999 |
|
|
|c 36293
|d 36293
|
| 952 |
|
|
|0 0
|1 0
|2 ddc
|4 0
|6 307_141209549200000_BRA
|7 1
|9 57051
|a BRACUL
|b BRACUL
|c BRS
|d 2015-11-23
|e BRAC
|l 1
|o 307.1412095492 BRA
|p 3010030153
|r 2025-12-30
|s 2025-03-23
|t 1
|w 2015-11-23
|y BK
|x BRAC ; price not available in register
|